The American labor movement
Wedi'i Gadw mewn:
| Prif Awdur: | |
|---|---|
| Fformat: | Llyfr |
| Iaith: | Undetermined |
| Cyhoeddwyd: |
Englewood Cliffs, New Jersey
Prentice-Hall
1962
|
| Pynciau: | |
| Tagiau: |
Ychwanegu Tag
Dim Tagiau, Byddwch y cyntaf i dagio'r cofnod hwn!
|
| Thư viện lưu trữ: | Trung tâm Học liệu Trường Đại học Cần Thơ |
|---|
| LEADER | 00561nam a2200205Ia 4500 | ||
|---|---|---|---|
| 001 | CTU_40893 | ||
| 008 | 210402s9999 xx 000 0 und d | ||
| 082 | |a 331.8 | ||
| 082 | |b L782 | ||
| 100 | |a Litwack, Leon | ||
| 245 | 4 | |a The American labor movement | |
| 245 | 0 | |c Leon Litwack | |
| 260 | |a Englewood Cliffs, New Jersey | ||
| 260 | |b Prentice-Hall | ||
| 260 | |c 1962 | ||
| 650 | |a Labor movement,United States | ||
| 650 | |x History | ||
| 650 | |z United States | ||
| 904 | |i Minh, Giang sửa | ||
| 980 | |a Trung tâm Học liệu Trường Đại học Cần Thơ | ||